000 00597aas a2200169 4500
999 _c50497
_d50497
001 768714001
003 CO-MdFUSB
005 20170923101436.0
008 170912s1994 cr ||||| |||| 00| 0 spa d
040 _aCO-MdFUSB
_bspa
_cCO-MdFUSB
_dCO-MdFUSB
041 _aspa
100 1 _aFlorentín, Miguel Angel
_eautor
245 1 0 _a¿Una utopía? :
_bla unidad práctica de la iglesia
_c/ Florentín, Miguel Angel
300 _aVolumen 3. Número 3 (1994), páginas 40-41
_c: 28 cm.
773 0 _tConquista Cristiana
_049446
_960319
_gVolumen 3. Número 3 (1994), páginas 40-41
_qPágina 40.
942 _cANA